01106nam a22003015a 450000500170000000800410001702000180005802000150007604000380009108200200012910000250014924500950017425000120026926000440028130000360032550000270036150000240038850400410041265000480045365000400050165000400054165100100058165300250059170000210061694200080063799900170064595201420066220201128024100.0161221t2011 ii a frbd 001 0 eng d a9788131516805 a8131516806 aEG-ScBUEbengcEG-ScBUEdEG-ScBUE04222a658.15bHAW1 aHawawini, Gabriel A.10aFinance for executives :bmanaging for value creation /cGabriel Hawawini, Claude Viallet. a4th ed. aNew Delhi :bCengage Learning,cc.2011. axxvii, 641 p. :bill. ;c24 cm. aGlossary : p. 615-632. aIndex : p. 633-641. aIncludes bibliographical references. 72BUEsh91452aBusiness enterprisesxFinance. 791343aManagerial accounting.2BUEsh 792321aCorporationsxFinance.2BUEsh 2BUEsh bBUSADMcDecember20161 aViallet, Claude. 2ddc c23680d23652 00102ddc40708ايمكaMAINbMAINc1STd2016-12-21ePurchaseg267.00h3398l0o658.15 HAWp000040568r2025-07-15 00:00:00v333.75yBB